000 00868 a2200253 4500
003 OSt
005 20180116192324.0
008 120207t xxu||||| |||| 00| 0 eng d
020 _a2010341193
020 _a9780195475944
040 _c0
082 _a760.9549
245 _aMazaar, Bazaar:
_bdesign and visual culture in Pakistan
_cedited and designed by Saima Zaidi.
260 _aKarachi:
_bOxford University Press
_cc.2009
300 _aaxvii, 347 p. :
_bbchiefly col. ill. ;
_c34 cm.
500 _aIncludes bibliographical references and index
650 _aGraphic arts
_zPakistan
650 _aCommercial art
_zPakistan
650 _aPopular culture
_zPakistan
650 _aVisual communication
_zPakistan
700 _4Zaidi, Samia
942 _aSADA
_cBK
_k760.95491 MAZ 2009
_2ddc
999 _c352134
_d352134